• 首页
  • 本馆介绍
  • 公告通知
  • 最新文献
  • 馆藏检索
  • 电子资源
  • 读者导购
  • 参考咨询
  • 我的图书馆
  • 登录
  • 详细信息显示
  • 放入我的书架
  • 预约/预借图书
  • 作者相关作品
  • 分类相关作品
  • 丛书相关作品
  • 出版社相关作品

书目信息

  • 表格格式
  • 工作单格式
  • 卡片格式
题名:
大宅修成·私人定制
    
 
作者: 杨坤 编著
分册:  
出版信息: 北京   中国水利水电出版社  2016.8
页数: 133页
开本: 24cm
丛书名:
单 册:
中图分类: TU241.02-
科图分类:
主题词: 住宅--室内装饰设计--中国--现代--图集
电子资源:
ISBN: 978-7-5170-4699-8
000 01072nam0 2200241 450
001 0500003330
005 20171022084914.0
010    @a978-7-5170-4699-8@dCNY68.00
100    @a20161114d2016 em y0chiy50 ea
101 0  @achi
102    @aCN@b110000
105    @aa z 000yy
106    @ar
200 1  @a大宅修成·私人定制@9da zhai xiu cheng · si ren ding zhi@f杨坤编著
210    @a北京@c中国水利水电出版社@d2016.8
215    @a133页@c图,照片@d24cm
314    @a杨坤,注册一级建造师,北京大宅世家管理咨询有限公司负责人,大宅文化研究俱乐部创始人之一。曾就职于绿地集团、远洋地产、 绿城中国等知名房地产公司,代表项目有上海宝钢集团一钢不锈钢综合写字楼、青岛远洋大酒店、北京御园、远洋天著、远洋LAVIE等。
330    @a本书讲述了与大宅有关的设计、软装、施工、机电、材料及室内环境与空气治理等内容。涵盖了打造房地产样板间及精装修住宅的全部环节及要点,是大宅领域私人代建的经验总结。
606 0  @a住宅@x室内装饰设计@y中国@z现代@j图集
690    @aTU241.02-@v5
701  0 @a杨坤@9yang kun@4编著
801  0 @aCN@b91MARC@c20171022
905    @b1036101-5@dTU241.02-@f5@e1262
    
    大宅修成·私人定制/杨坤编著.-北京:中国水利水电出版社,2016.8
    133页:图,照片;24cm
    
    
    ISBN 978-7-5170-4699-8:CNY68.00
    本书讲述了与大宅有关的设计、软装、施工、机电、材料及室内环境与空气治理等内容。涵盖了打造房地产样板间及精装修住宅的全部环节及要点,是大宅领域私人代建的经验总结。
●
相关链接 在E读中查询图书 在五车中查询图书 在当当中查询图书 在豆瓣中查询图书


正题名:大宅修成·私人定制     索取号:TU241.02-/1262         预约/预借

序号 登录号 条形码 馆藏地/架位号 状态 备注
1 1036101   210361017   第二样本阅览室/ [索取号:TU241.02-/1262] 在馆    
2 1036102   210361026   密集书库-生命科学系/ [索取号:TU241.02-/1262] 在馆    
3 1036103   210361035   第三借阅区/ [索取号:TU241.02-/1262] 在馆    
4 1036104   210361044   第三借阅区/ [索取号:TU241.02-/1262] 在馆    
5 1036105   210361053   第三借阅区/ [索取号:TU241.02-/1262] 在馆    
唐山师范学院图书馆 欢迎您!
大连网信软件有限公司© 版权所有